000 01703nam0a22003131 4500
001 rc\266981
005 20050623133239.2
035 _a(NLR Aleph) 008744024
090 _a9543612
_c9543612
100 _a20030307d1991 u |0rusy50 ca
101 0 _arus
102 _aRU
105 _ay |||||||||
200 1 _aРУССКИЕ и немцы: старые образы врага уступают место новым надеждам. Рихтер Х.-Э. (редактор и составитель)
_f[Д. ист. н. Л.Г. Истягин
_gОтв. ред. д. ист. н. Б.С. Орлов]
210 _aМ.
_cИНИОН
_d1991
215 _a18 с.
_d27
225 1 _aСпециализированная информация
_fАН СССР. ИНИОН
_v№ 66/1318
300 _aСведения о реф. изд.: Russen und Deutsche Alte Feindbilder weichen menen Hoffnungen / Hrsq. von Richter H.-E.-I. Aufl. - Namburq: Hoffman u. Campe Verl., 1990. - 224 s.
607 _aФедеративная Республика Германия
_xВзаимоотношения с СССР
_z1945
_2nlr_sh1
607 _aСССР
_xВзаимоотношения с Федеративной Республикой Германией
_z1945
_2nlr_sh1
701 1 _aИстягин
_bЛ. Г.
_gЛеонид Григорьевич
702 1 _aОрлов
_bБ. С.
_f1930-
_gБорис Сергеевич
_4340
712 0 2 _aИнститут науч. информации по общественным наукам
_cМосква
_3RU\NLR\AUTH\88992
801 0 _aRU
_bNLR
_gpsbo
801 1 _aRU
_bELAR
_2rusmarc
801 2 _aRU
_bNLR
_c20050524
_2rusmarc
852 _aNLR
_j91-8/675
942 _cBOOK
980 _aNB